Návrh opatrení pre zvyšovanie spokojnosti zamestnancov 50+ v podniku SLOVNAFT, a.s. v kontexte s konceptom age managementu

Na minha lista:
Detalhes bibliográficos
Autor principal: Petríková, Katarína (Author)
Outros Autores: Vraňaková, Natália (Thesis advisor)
Formato: Manuscrito Livro
Idioma:eslovaco
Publicado em: 2019
Assuntos:
Acesso em linha:http://is.stuba.sk/zp/portal_zp.pl?podrobnosti=153213
Tags: Adicionar Tag
Sem tags, seja o primeiro a adicionar uma tag!

MARC

LEADER 00000ntm a22000003a 4500
001 stuzp72956
003 SK-STU
005 20190622211113.7
007 ta
008 150427s2015----xo-----f-mn---000-0-slo-d
040 |a STU  |b slo 
041 0 |a slo 
100 1 |a Petríková, Katarína  |u 064000  |4 aut  |U MTF Materiálovotechnologická fakulta  |T MTF Ústav priemyselného inžinierstva a manažmentu  |X 85373  |U M4000  |Y 84  |7 85373 
242 0 1 |a Proposal of recommendations for increasing the satisfaction of the employees 50+ in SLOVNAFT,a.s. in the context of the age management concept  |y eng 
245 1 0 |a Návrh opatrení pre zvyšovanie spokojnosti zamestnancov 50+ v podniku SLOVNAFT, a.s. v kontexte s konceptom age managementu 
260 |c 2019 
650 4 |a age management  |2 slo 
650 4 |a demogragická situácia  |2 slo 
650 4 |a piliere age managementu  |2 slo 
650 4 |a age management  |2 eng 
650 4 |a demographic situation  |2 eng 
650 4 |a age management pillars  |2 eng 
700 1 |a Vraňaková, Natália  |u 064000  |k Z3  |4 ths  |U MTF Materiálovotechnologická fakulta  |T MTF Ústav priemyselného inžinierstva a manažmentu  |X 61908  |U M4000  |Y 84  |7 A000061908 
856 4 |u http://is.stuba.sk/zp/portal_zp.pl?podrobnosti=153213 
996 |c M* BP-8590  |l MMSKP  |s P  |a 0  |w stuzp72956_0001